LEADER 01107nam a2200253 i 4500 001 000000112856 003 CaOOAMICUS 005 20080723144023.0 008 080723s2008 it m u000 u ita c 040 $aANG$bita$dPUL$dLDB 100 1 $aConso, Vincenzo.$0(OLS)http://pul/name/69424 245 12$aL'azione internazionale dei cattolici nel mondo rurale /$cVincenzo Conso. 260 $aRomae :$b[s.n.],$c2008. 300 $a144 p. ;$c24 cm 500 $aIn testa al front.: Pontificia Universitas a S. Thoma in Urbe 502 $aDiss (Lauream) -- Pontificia Universitas a S. Thoma in Urbe, 2008 504 $aBibliografia: p. 137-144 610 24$aICRA (International Catholic Rural Association).$0(OLS)http://pul/subject/34695 650 4$aAgricoltura.$0(OLS)http://pul/subject/1575 850 $aPUL 852 $aPUL$W1$xDP1 Tesi Pon. Univ. S. Tommaso$y44$m2008 D 4$j128406$qTesi$B128098$CPULBib$Z2$F128098 $82 941 1 $a16 996 $6245$aL'azione internazionale dei cattolici nel mondo rurale$9(OLS)http://pul/title/141865 996 $6260$aRomae :$b[s.n.]$9(OLS)http://pul/publisher/48223 LEADER 01118nam a2200265 a 4500 001 000000150398 003 CaOOAMICUS 005 20160314113508.0 008 160314s1963 fr u000 u fre r 032 $aLibriCat 040 $aPUL$bita 245 02$aL'atheisme tentation du monde, réveil des chrêtiens? /$cpar Pierre Veuillot ... [et al.] et les participants des journées d'études des Informations Catholiques Internationales. 260 $aParis :$bCerf,$c1963. 300 $a256 p. ;$c20 cm. 490 1 $aParole et mission ;$v06 504 $aBibliografia in nota. 650 4$aAteismo.$0(OLS)http://pul/subject/406 700 1 $aVeuillot, Pierre.$0(OLS)http://pul/name/7727 830 0$aParole et mission ;$v06.$0(OLS)http://pul/title/83047 850 $aPUL 852 $aPUL$W1$xDP1 Fondo Bordoni$y120$m3 M 25$j168972$qFondi$B174901$CPULBib$Z2$F174901 $HBor1073 $81 941 1 $a1 996 $6245$aL'atheisme tentation du monde, réveil des chrêtiens?$9(OLS)http://pul/title/189522 996 $6260$aParis :$bCerf$9(OLS)http://pul/publisher/48238